000 01191nam a2200301Ia 4500
001 15097
003 IT-RoPAU
008 130308s9999 xx 000 0 und d
040 _aIT-RoPAU
040 _cIT-RoPAU
041 _aITALIANO
100 _aBucciarelli Claudio
100 _gCodice Aut. SPICS: 8726
245 _aSport come ideologia (Lo): alienazione o liberazione?
245 _bSport Come Ideologia (Lo): Alienazione o Liberazione?
250 _a1a ed.
260 _aROMA
260 _bAve
260 _c1974 [1° Ed.:1974 - Ed.Ling.Originale:1974]
300 _a"128 p. (prefazione: no ; testo: 128)"
500 _aSport e cambio Sociale sport Come veicolo ideologico sport fenomeno Sociale e Culturale sport e Società Analisi Critica Dello sport Come fenomeno Socio Economico sport e Socializzazione sport Come Servizio Sociale linee Educative per Un'Alternativa Sociale sport selettivo e sport Sociale sport di classe e sport di Popolo sport e gestione Sociale Bibliografia Sul Problema Socio Culturale Dello Sport
650 _aSAGGI DI SOCIOLOGIA
650 _eCodice materia Spics: 3657
942 _cBK
957 _71
999 _c66954
_d66954
999 _bSI
999 _g1